Nákladná cestná doprava stojí na prahu novej éry
Podobne ako internet a smartfóny od základu zmenili životy jednotlivcov, premenia digitálne technológie a z nich odvodené služby spôsob fungovania prepravných spoločností. To všetko vďaka inováciám a nástupu nových smart riešení. K mnohým z praktických výstupov týchto moderných technológií patrí EET...
Uložené v:
| Médium: | Kapitola |
|---|---|
| Jazyk: | Slovak |
| Predmet: | |
| Tagy: |
Žiadne tagy, Buďte prvý, kto otaguje tento záznam!
|
MARC
| LEADER | 00000naa a2200000 4500 | ||
|---|---|---|---|
| 001 | 0247976 | ||
| 005 | 20181001092043.5 | ||
| 041 | 0 | |a slo | |
| 044 | |a SK | ||
| 245 | 1 | 0 | |a Nákladná cestná doprava stojí na prahu novej éry |
| 520 | |a Podobne ako internet a smartfóny od základu zmenili životy jednotlivcov, premenia digitálne technológie a z nich odvodené služby spôsob fungovania prepravných spoločností. To všetko vďaka inováciám a nástupu nových smart riešení. K mnohým z praktických výstupov týchto moderných technológií patrí EETS. | ||
| 610 | 2 | 0 | |a doprava cestná |
| 610 | 2 | 0 | |a platby elektronické |
| 610 | 2 | 0 | |a prepravné |
| 610 | 2 | 0 | |a technológie nové |
| 610 | 2 | 0 | |a Európska únia |
| 610 | 2 | 0 | |a trh dopravný |